Liverpool Players That Played The Most Minutes In 2023/24 - Statistics

General Stats
  • This quiz has been taken 27 times
  • The average score is 8 of 10
Answer Stats
Hint Answer % Correct
3,987 Minutes Mohammed Salah
100%
5,395 Minutes Virgil van Dijk
96%
3,600 Minutes Alisson
92%
4,001 Minutes Darwin Nunez
92%
3,942 Minutes Cody Gakpo
88%
4,941 Minutes Luis Diaz
88%
4,561 Minutes Alexis Mac Allister
85%
3,841 Minutes Dominik Szoboszlai
81%
3,743 Minutes Wataru Endo
69%
3,423 Minutes Harvey Elliott
50%
No matching quizzes found
Score Distribution
Percent of People with Each Score
Percentile by Number Answered
Your Score History
You have not taken this quiz